000 00869nam a2200301Ia 4500
001 16431
003 IT-RoPAU
008 130308s9999 xx 000 0 und d
040 _aIT-RoPAU
040 _cIT-RoPAU
041 _aFRANCESE
100 _aBertalanffy (Von) Ludwig
100 _gCodice Aut. SPICS: 9262
245 _aTheorie generale des systemes
245 _bTheorie Sociologique
250 _a1a ed.
260 _aPARIS
260 _bPresses Universitaires France
260 _c1975 [1° Ed.:1975 - Ed.Ling.Originale:1973]
300 _a"17 p. (prefazione: no ; testo: 17 [pagine: 359-375])"
500 _aTeoria Generale dei sistemi Sistemi Aperti e Chiusi Informazione Entropia Causalità e Teleologia
650 _aSOCIOLOGIA
650 _eCodice materia Spics: 3651
942 _cBK
957 _71
999 _c42714
_d42714
999 _bSI
999 _g1